[Event "POL-chT 2nd League"]
[Site "Jastrzebia Gora"]
[Date "2023.09.06"]
[Round "5.114"]
[White "Jalowiec, Halina"]
[Black "Woznica, Alicja1111"]
[Result "0-1"]
[WhiteElo "1773"]
[BlackElo "1429"]
[PlyCount "66"]
[EventDate "2023.09.02"]
[EventType "team-swiss"]
[EventRounds "9"]
[EventCountry "POL"]
[SourceTitle "EXT 2024"]
[Source "ChessBase"]
[SourceDate "2023.10.10"]
[SourceVersion "1"]
[SourceVersionDate "2023.10.10"]
[SourceQuality "1"]
[WhiteTeam "Pilzno GKSz Hetman"]
[BlackTeam "Olesnica Pogon"]
[WhiteTeamCountry "POL"]
[BlackTeamCountry "POL"]

1. e4 e6 2. d4 d5 3. Nd2 c5 4. exd5 Qxd5 5. Ndf3 Nf6 6. Bb5+ Bd7 7. c4 Qe4+ 8. Ne2 Bxb5 9. cxb5 Nbd7 10. 0-0 Be7 11. Nc3 Qg4 12. Re1 cxd4 13. Qxd4 Qxd4 14. Nxd4 0-0 15. Bg5 h6 16. Bh4 g5 17. Bg3 Nh5 18. Rad1 Nxg3 19. hxg3 Rfd8 20. Nb3 Bf6 21. Rd2 Ne5 22. Ne4 Bg7 23. Nbc5 Rxd2 24. Nxd2 b6 25. Na6 Nd3 26. Re3 Nxb2 27. Nb3 Rd8 28. Nb4 Rd1+ 29. Kh2 Nc4 30. Rd3 Rf1 31. Rd8+ Kh7 32. Rd7 Ne5 33. Nd2 Ng4+ 0-1

[Event "POL-chT 2nd League"]
[Site "Jastrzebia Gora"]
[Date "2022.09.08"]
[Round "6.101"]
[White "Anyz, Monika"]
[Black "Jalowiec, Halina"]
[Result "0-1"]
[WhiteElo "1735"]
[BlackElo "1807"]
[PlyCount "166"]
[EventDate "2022.09.03"]
[EventType "team-swiss"]
[EventRounds "9"]
[EventCountry "POL"]
[SourceTitle "CBM 210 Extra"]
[Source "ChessBase"]
[SourceDate "2022.11.30"]
[SourceVersion "1"]
[SourceVersionDate "2022.11.30"]
[SourceQuality "1"]
[WhiteTeam "Skarzysko Kamienna"]
[BlackTeam "Pilzno GKSz Hetman"]
[WhiteTeamCountry "POL"]
[BlackTeamCountry "POL"]

1. e4 d5 2. e5 Bf5 3. d4 e6 4. g4 Bg6 5. h4 h5 6. g5 c5 7. dxc5 Bxc5 8. Bd3 Ne7 9. Nc3 a6 10. Bxg6 Nxg6 11. Qe2 Nc6 12. f4 Nd4 13. Qd3 Nf5 14. Bd2 Qd7 15. Nf3 b5 16. 0-0-0 Qc6 17. Ne2 Qb6 18. c3 Rc8 19. Kb1 0-0 20. Nfd4 Bxd4 21. Nxd4 Nxd4 22. cxd4 Rc4 23. Be3 Ne7 24. g6 fxg6 25. Rhg1 Rf5 26. Qa3 Qb7 27. Qd6 Rc6 28. Qb4 Rf8 29. Rc1 Rfc8 30. Rxc6 Rxc6 31. Qd2 Qd7 32. a3 Qe8 33. Rc1 Nf5 34. Bf2 Qc8 35. Rxc6 Qxc6 36. Qc3 Qxc3 37. bxc3 Ne7 38. Kb2 Nc6 39. a4 Kf7 40. axb5 axb5 41. Be1 Ke7 42. Kb3 Kd7 43. Ka3 Kc7 44. Kb3 Kb6 45. Bd2 Ka6 46. Be1 Kb6 47. Bd2 Ne7 48. Be1 Nf5 49. Bf2 Nh6 50. Kb2 Nf7 51. Kb3 Nd8 52. Be1 Nb7 53. Bd2 Na5+ 54. Kb4 Nc6+ 55. Kb3 Kc7 56. Bc1 Kd7 57. Ba3 Ke8 58. Kc2 Kf7 59. Kd3 g5 60. fxg5 Kg6 61. Ke2 Na5 62. Bc1 Nb3 63. Be3 Kf5 64. Kf3 Na5 65. Bd2 Nc4 66. Bc1 g6 67. Bf4 Na3 68. Bd2 Nc2 69. Ke2 Ke4 70. Bc1 b4 71. Kd1 Kd3 72. cxb4 Nxb4 73. Bb2 Nc6 74. Ba1 Nxd4 75. Bxd4 Kxd4 76. Kd2 Kxe5 77. Ke3 Kf5 78. Kf3 e5 79. Kg3 d4 80. Kh3 d3 81. Kg3 d2 82. Kh2 d1Q 83. Kh3 Qg4+ 0-1

[Event "POL-chT 2nd League"]
[Site "Jastrzebia Gora"]
[Date "2022.09.05"]
[Round "3.77"]
[White "Jalowiec, Halina"]
[Black "Bebnik, Malgorzata"]
[Result "1-0"]
[WhiteElo "1807"]
[BlackElo "1846"]
[PlyCount "103"]
[EventDate "2022.09.03"]
[EventType "team-swiss"]
[EventRounds "9"]
[EventCountry "POL"]
[SourceTitle "CBM 210 Extra"]
[Source "ChessBase"]
[SourceDate "2022.11.30"]
[SourceVersion "1"]
[SourceVersionDate "2022.11.30"]
[SourceQuality "1"]
[WhiteTeam "Pilzno GKSz Hetman"]
[BlackTeam "Bialoleka Sparta"]
[WhiteTeamCountry "POL"]
[BlackTeamCountry "POL"]

1. e4 c5 2. Nf3 Nc6 3. d4 cxd4 4. Nxd4 Nf6 5. Nc3 e6 6. Nxc6 bxc6 7. e5 Nd5 8. Ne4 Qc7 9. f4 Qb6 10. c4 Bb4+ 11. Ke2 Ba6 12. Kf3 f5 13. exf6 Nxf6 14. Be3 Qa5 15. Nxf6+ gxf6 16. a3 Be7 17. b4 Qh5+ 18. Kf2 Qf7 19. Be2 h5 20. Qd2 e5 21. c5 Bxe2 22. Qxe2 Qe6 23. Rhd1 Qf5 24. Kg1 Rg8 25. fxe5 fxe5 26. Rf1 Qg6 27. Rf3 h4 28. Raf1 e4 29. Rf4 0-0-0 30. Bd4 Kb7 31. Rxe4 Rde8 32. Re1 Kc7 33. Be5+ Kd8 34. Bf4 Bf6 35. Rxe8+ Rxe8 36. Qxe8+ Qxe8 37. Bc7+ Kxc7 38. Rxe8 Bb2 39. Re4 h3 40. gxh3 Bxa3 41. h4 a5 42. bxa5 Bxc5+ 43. Kf1 d5 44. Ra4 Kb7 45. a6+ Ka7 46. h5 Be3 47. Ke2 Bh6 48. h4 Bc1 49. Ra2 Bh6 50. Rc2 Kb6 51. a7 Kxa7 52. Rxc6 1-0

[Event "POL-chT 1st League"]
[Site "Szklarska Poreba"]
[Date "2021.09.08"]
[Round "5.10"]
[White "Rejniak, Zuzanna"]
[Black "Jalowiec, Halina"]
[Result "1/2-1/2"]
[WhiteElo "1810"]
[BlackElo "1862"]
[PlyCount "84"]
[EventDate "2021.09.04"]
[EventType "team-swiss"]
[EventRounds "9"]
[EventCountry "POL"]
[SourceTitle "CBM 204 Extra"]
[Source "ChessBase"]
[SourceDate "2021.11.30"]
[SourceVersion "1"]
[SourceVersionDate "2021.11.30"]
[SourceQuality "1"]
[WhiteTeam "Warszawa Czternastka"]
[BlackTeam "Pilzno GKSz Hetman"]
[WhiteTeamCountry "POL"]
[BlackTeamCountry "POL"]

1. e4 e5 2. Nf3 Nc6 3. Bc4 Bc5 4. d3 Nf6 5. 0-0 0-0 6. Nc3 a6 7. Bg5 h6 8. Bh4 Be7 9. Bg3 d6 10. d4 b5 11. dxe5 Nxe5 12. Nxe5 dxe5 13. Qxd8 Bxd8 14. Bb3 Re8 15. Rad1 Bb7 16. f3 c6 17. Bh4 Bb6+ 18. Bf2 Bxf2+ 19. Rxf2 Red8 20. Rfd2 Rxd2 21. Rxd2 Kf8 22. g3 Ke7 23. Nd1 Bc8 24. Ne3 g6 25. c4 Be6 26. cxb5 Bxb3 27. axb3 axb5 28. Nc2 Rd8 29. Rxd8 Kxd8 30. Kf2 Kd7 31. b4 Kd6 32. Ke3 Nd7 33. b3 Nf8 34. f4 f6 35. fxe5+ fxe5 36. Ne1 Nd7 37. Nd3 Nf6 38. h3 Nh5 39. Kf3 Nf6 40. Ke3 Nd7 41. Nf2 g5 42. Ng4 h5 1/2-1/2

[Event "POL-chT 2nd League"]
[Site "Jastrzebia Gora"]
[Date "2019.09.11"]
[Round "5.20"]
[White "Polak, Sylwia"]
[Black "Jalowiec, Halina"]
[Result "0-1"]
[WhiteElo "1507"]
[BlackElo "1842"]
[PlyCount "82"]
[EventDate "2019.09.07"]
[EventType "team-swiss"]
[EventRounds "9"]
[EventCountry "POL"]
[SourceTitle "EXT 2020"]
[Source "ChessBase"]
[SourceDate "2019.10.17"]
[SourceVersion "1"]
[SourceVersionDate "2019.10.17"]
[SourceQuality "1"]
[WhiteTeam "Rzeszow RzKSz"]
[BlackTeam "Pilzno GKSz Hetman"]
[WhiteTeamCountry "POL"]
[BlackTeamCountry "POL"]

1. d4 Nf6 2. c4 e6 3. Nc3 Bb4 4. f3 d5 5. a3 Bxc3+ 6. bxc3 c5 7. cxd5 Nxd5 8. dxc5 Qa5 9. e4 Nf6 10. Be3 Qxc3+ 11. Kf2 Nc6 12. Ne2 Qa5 13. Qb3 0-0 14. Nc3 Nd7 15. Bb5 a6 16. Bxc6 bxc6 17. Qb4 Qc7 18. Na4 e5 19. Nb6 Rb8 20. Rhd1 Nf6 21. Rd6 Ne8 22. Rd2 Be6 23. Rad1 f5 24. exf5 Rxf5 25. Qh4 Nf6 26. g4 Nxg4+ 27. Qxg4 Rbf8 28. Kg1 Qf7 29. Rf1 Rf6 30. Qe4 Bh3 31. Qc4 Rg6+ 32. Kf2 Rg2+ 33. Ke1 Rxd2 34. Bxd2 Bxf1 35. Kxf1 Qxc4+ 36. Nxc4 Rxf3+ 37. Ke2 Rf5 38. Ke3 Rh5 39. Ke4 Rh4+ 40. Kd3 e4+ 41. Kd4 e3+ 0-1

[Event "POL-chT 2nd League"]
[Site "Jastrzebia Gora"]
[Date "2019.09.10"]
[Round "4.18"]
[White "Jalowiec, Halina"]
[Black "Barwinska, Ewa"]
[Result "0-1"]
[WhiteElo "1842"]
[BlackElo "1740"]
[PlyCount "154"]
[EventDate "2019.09.07"]
[EventType "team-swiss"]
[EventRounds "9"]
[EventCountry "POL"]
[SourceTitle "EXT 2020"]
[Source "ChessBase"]
[SourceDate "2019.10.17"]
[SourceVersion "1"]
[SourceVersionDate "2019.10.17"]
[SourceQuality "1"]
[WhiteTeam "Pilzno GKSz Hetman"]
[BlackTeam "Kalisz KTS"]
[WhiteTeamCountry "POL"]
[BlackTeamCountry "POL"]

1. e4 c5 2. Ne2 e6 3. g3 d5 4. Bg2 dxe4 5. Bxe4 Nf6 6. Bg2 Be7 7. 0-0 0-0 8. d4 cxd4 9. Nxd4 e5 10. Nb5 Qb6 11. N5c3 Rd8 12. Qe2 Nc6 13. Na3 Be6 14. Nc4 Qc5 15. Ne3 Nd4 16. Qe1 Bh3 17. Rb1 e4 18. Nxe4 Nxe4 19. Bxe4 Bxf1 20. Qxf1 Rab8 21. c3 Ne6 22. Nf5 Bg5 23. Ne3 Qe5 24. Qg2 Nc5 25. Bc2 Bf6 26. Ng4 Qe1+ 27. Qf1 Qxf1+ 28. Kxf1 Be7 29. Be3 b6 30. Ne5 Rbc8 31. a4 f6 32. Nf3 g6 33. Nd4 f5 34. Re1 Bf6 35. Nb5 a6 36. Na3 Rc6 37. Nc4 Kg7 38. Nd2 Nd3 39. Bxd3 Rxd3 40. Ke2 Rd7 41. Nf3 Rc4 42. Ra1 b5 43. axb5 axb5 44. Nd4 Ra4 45. Rd1 Bxd4 46. Bxd4+ Kf7 47. Kd3 g5 48. Re1 Rd5 49. h3 h5 50. Ke3 Ra2 51. Re2 Rd7 52. Kf3 Re7 53. Rd2 g4+ 54. hxg4 hxg4+ 55. Kf4 Kg6 56. f3 gxf3 57. Kxf3 Re1 58. Bc5 Rf1+ 59. Kg2 Rb1 60. Ba3 Raa1 61. Bc5 Rd1 62. Re2 Re1 63. Rd2 Rad1 64. Rc2 Kg5 65. Bf2 Re6 66. b4 Re4 67. Kf3 Rd3+ 68. Kg2 Rc4 69. Be1 Rc8 70. Re2 Kf6 71. Kf2 Rh8 72. Kg2 Rg8 73. Kh2 Rd7 74. Bd2 Rh8+ 75. Kg2 Rdh7 76. Be3 Rh2+ 77. Kf3 Rxe2 0-1

[Event "POL-chT 2nd League"]
[Site "Jastrzebia Gora"]
[Date "2019.09.08"]
[Round "2.21"]
[White "Jalowiec, Halina"]
[Black "Leszner, Liliana"]
[Result "1/2-1/2"]
[WhiteElo "1842"]
[BlackElo "1986"]
[PlyCount "120"]
[EventDate "2019.09.07"]
[EventType "team-swiss"]
[EventRounds "9"]
[EventCountry "POL"]
[SourceTitle "EXT 2020"]
[Source "ChessBase"]
[SourceDate "2019.10.17"]
[SourceVersion "1"]
[SourceVersionDate "2019.10.17"]
[SourceQuality "1"]
[WhiteTeam "Pilzno GKSz Hetman"]
[BlackTeam "Plock Stowarzyszenie"]
[WhiteTeamCountry "POL"]
[BlackTeamCountry "POL"]

1. e4 d6 2. d4 g6 3. Nc3 Bg7 4. Be3 c6 5. Qd2 b5 6. Bd3 Nd7 7. Nf3 e5 8. dxe5 dxe5 9. 0-0 Ngf6 10. h3 0-0 11. a4 b4 12. Ne2 a5 13. c4 Qe7 14. Ng3 Nc5 15. Bxc5 Qxc5 16. b3 Rd8 17. Rad1 Ra7 18. Qe2 Rad7 19. Bc2 Ne8 20. Rxd7 Rxd7 21. Rd1 Nc7 22. Rxd7 Bxd7 23. Qd2 Qe7 24. Qe3 c5 25. Ne2 Qd6 26. Qd3 Qxd3 27. Bxd3 Bc6 28. Ng3 Ne6 29. Kf1 Kf8 30. Bc2 Ke7 31. Ne2 Kd6 32. g4 Bh6 33. Kg2 f6 34. Kf1 Bf8 35. Ke1 Bh6 36. Kf1 Bf4 37. Kg2 Ke7 38. h4 Kf7 39. Kf1 Ke7 40. Kg2 Bb7 41. Nfg1 f5 42. f3 fxg4 43. fxg4 Be3 44. Nf3 Kd6 45. Kg3 Bc8 46. Ne1 Ng7 47. Ng2 Bd2 48. Ng1 h5 49. Nf3 Bc1 50. gxh5 Nxh5+ 51. Kf2 Nf6 52. Ne3 Be6 53. Ng5 Bg8 54. Bd1 Be6 55. Be2 Bd2 56. Bf3 Bc1 57. Ke2 Bg8 58. Kd3 Bxe3 59. Kxe3 Be6 60. Bd1 Bg8 1/2-1/2

[Event "Dobczyce Dominik Memorial 27th"]
[Site "Dobczyce"]
[Date "2019.07.10"]
[Round "8"]
[White "Jalowiec, Halina"]
[Black "Seredyn, Dominik"]
[Result "0-1"]
[WhiteElo "1919"]
[BlackElo "1737"]
[PlyCount "96"]
[EventDate "2019.07.05"]
[EventType "swiss"]
[EventRounds "9"]
[EventCountry "POL"]
[SourceTitle "EXT 2020"]
[Source "ChessBase"]
[SourceDate "2019.10.17"]
[SourceVersion "1"]
[SourceVersionDate "2019.10.17"]
[SourceQuality "1"]

1. d4 d5 2. Nf3 Nf6 3. Bf4 c5 4. c3 Nc6 5. e3 Qb6 6. Qb3 c4 7. Qxb6 axb6 8. Nbd2 Bf5 9. Nh4 Bg6 10. Nxg6 hxg6 11. Be2 e6 12. 0-0 Be7 13. b3 b5 14. Rfb1 Ra7 15. b4 Ra3 16. Rc1 0-0 17. Nb1 Ra7 18. f3 Rfa8 19. a3 Nxb4 20. cxb4 Bxb4 21. Kf2 Be7 22. Nc3 b4 23. Nb5 Ra5 24. Nd6 b3 25. Rab1 b5 26. Bd1 R8a6 27. Nb7 Rxa3 28. Nc5 Ra2+ 29. Kf1 R6a3 30. Nxb3 cxb3 31. Bxb3 Rd2 32. Rc8+ Kh7 33. Rb8 b4 34. Rb7 Ng8 35. Bd1 Raa2 36. Bg3 Rxg2 37. Bb3 Rab2 38. Rxb2 Rxb2 39. Ba4 Bg5 40. f4 Bf6 41. h3 Nh6 42. Bf2 g5 43. fxg5 Bxg5 44. Bd1 Nf5 45. Rxf7 Kg6 46. Rb7 Bxe3 47. Be1 Bxd4 48. Bxb4 Ng3+ 0-1

[Event "POL-chT 2nd League"]
[Site "Szklarska Poreba"]
[Date "2017.09.08"]
[Round "7.5"]
[White "Jalowiec, Halina"]
[Black "Tarnowska, Aleksandra"]
[Result "0-1"]
[WhiteElo "1967"]
[BlackElo "1838"]
[PlyCount "112"]
[EventDate "2017.09.02"]
[EventType "team-swiss"]
[EventRounds "9"]
[EventCountry "POL"]
[SourceTitle "CBM 180 Extra"]
[Source "ChessBase"]
[SourceDate "2017.10.06"]
[SourceVersion "1"]
[SourceVersionDate "2017.10.06"]
[SourceQuality "1"]
[WhiteTeam "Pilzno GKSz Hetman"]
[BlackTeam "Zielonka Zieloni"]
[WhiteTeamCountry "POL"]
[BlackTeamCountry "POL"]

1. e4 c5 2. Nf3 e6 3. d4 cxd4 4. Nxd4 a6 5. Bd3 Bc5 6. Nb3 Be7 7. Qg4 g6 8. Qe2 d6 9. 0-0 Nd7 10. a4 b6 11. Na3 Bb7 12. Nc4 Qc7 13. a5 b5 14. Nb6 Nxb6 15. axb6 Qxb6 16. Be3 Qc7 17. Na5 Kf8 18. c4 b4 19. Rfc1 Kg7 20. Qd2 Bc6 21. Nxc6 Qxc6 22. Qxb4 Nf6 23. f3 Rhb8 24. Qc3 a5 25. Rc2 a4 26. Qd2 Nd7 27. e5 Nc5 28. Bh6+ Kg8 29. exd6 Qxd6 30. Ra3 Rd8 31. Qc3 Bf8 32. Bxf8 Qxf8 33. Be2 Qd6 34. Ra1 Qd4+ 35. Qxd4 Rxd4 36. Kf2 Rad8 37. Ke3 e5 38. g3 f5 39. Rac1 Kf7 40. Kf2 Ke6 41. Ke1 Rb8 42. Rd1 Rb3 43. Rcd2 h5 44. Kf2 Rxd2 45. Rxd2 e4 46. Rd5 exf3 47. Rxc5 fxe2 48. Rc6+ Kd7 49. Rxg6 Rxb2 50. Ra6 Ra2 51. Ra5 a3 52. Rxf5 Rc2 53. Rxh5 a2 54. Ra5 e1Q+ 55. Kxe1 Rxh2 56. Kf1 Rh1+ 0-1

[Event "POL-chT 2nd League"]
[Site "Szklarska Poreba"]
[Date "2017.09.07"]
[Round "6.2"]
[White "Cieslak, Wiktoria"]
[Black "Jalowiec, Halina"]
[Result "1-0"]
[WhiteElo "1824"]
[BlackElo "1967"]
[PlyCount "83"]
[EventDate "2017.09.02"]
[EventType "team-swiss"]
[EventRounds "9"]
[EventCountry "POL"]
[SourceTitle "CBM 180 Extra"]
[Source "ChessBase"]
[SourceDate "2017.10.06"]
[SourceVersion "1"]
[SourceVersionDate "2017.10.06"]
[SourceQuality "1"]
[WhiteTeam "Rybnik"]
[BlackTeam "Pilzno GKSz Hetman"]
[WhiteTeamCountry "POL"]
[BlackTeamCountry "POL"]

1. d4 d5 2. c4 e6 3. Nf3 Nf6 4. g3 c5 5. cxd5 Nxd5 6. e4 Nf6 7. Bg5 h6 8. Bxf6 Qxf6 9. Nc3 cxd4 10. e5 Qd8 11. Nxd4 a6 12. Bg2 Bc5 13. Nb3 Qb6 14. 0-0 Be7 15. Na4 Qb5 16. Nd4 Qa5 17. Rc1 Nd7 18. Qb3 Qb4 19. Qxb4 Bxb4 20. Rc4 Ba5 21. Nb3 Bb6 22. Rd1 Ba7 23. Rc7 Nxe5 24. Nbc5 Bxc5 25. Nxc5 0-0 26. b3 Rb8 27. Nxb7 Bxb7 28. Bxb7 a5 29. h3 Rfe8 30. f4 Ng6 31. Rdd7 Rf8 32. Be4 Nh8 33. Bd3 Rfd8 34. Bc4 Ng6 35. Rxf7 Nf8 36. Rxg7+ Kh8 37. a4 Rd2 38. Rgf7 Rbd8 39. f5 exf5 40. Rf6 R2d6 41. Rxf5 Nd7 42. Rxa5 1-0

[Event "POL-chT 2nd League"]
[Site "Szklarska Poreba"]
[Date "2017.09.05"]
[Round "4.6"]
[White "Mikulewicz, Joanna"]
[Black "Jalowiec, Halina"]
[Result "1/2-1/2"]
[WhiteElo "2057"]
[BlackElo "1967"]
[PlyCount "134"]
[EventDate "2017.09.02"]
[EventType "team-swiss"]
[EventRounds "9"]
[EventCountry "POL"]
[SourceTitle "CBM 180 Extra"]
[Source "ChessBase"]
[SourceDate "2017.10.06"]
[SourceVersion "1"]
[SourceVersionDate "2017.10.06"]
[SourceQuality "1"]
[WhiteTeam "Czerwionka Leszczyny Skoczek"]
[BlackTeam "Pilzno GKSz Hetman"]
[WhiteTeamCountry "POL"]
[BlackTeamCountry "POL"]

1. d4 Nf6 2. c4 d6 3. Nf3 Nbd7 4. Nc3 c6 5. e4 e5 6. Be2 g6 7. 0-0 Bg7 8. h3 0-0 9. Bg5 Re8 10. d5 c5 11. Qc2 a6 12. a3 Qc7 13. Ne1 Rb8 14. b4 b6 15. Rc1 Nf8 16. Qd2 h5 17. Be3 N6h7 18. Nd3 Qe7 19. bxc5 bxc5 20. Rb1 Bd7 21. a4 Rec8 22. a5 Qd8 23. Qa2 Bf6 24. Bd2 Rxb1 25. Rxb1 Rb8 26. Rxb8 Qxb8 27. Qb2 Qxb2 28. Nxb2 Bd8 29. Nb5 Be7 30. Na7 f6 31. Bd1 Ng5 32. f3 Kf7 33. Na4 Ke8 34. Nb6 Bd8 35. Nxd7 Kxd7 36. Nc6 Kc7 37. Ba4 Nf7 38. Kf2 g5 39. g3 Ng6 40. Nxd8 Kxd8 41. Bc6 Kc7 42. Be8 Nfh8 43. h4 gxh4 44. gxh4 Nxh4 45. Bxh5 N4g6 46. Kg3 Ne7 47. Kg4 Kd7 48. Bh6 Nhg6 49. Bg7 Nf4 50. Bf7 Ng2 51. Bh6 Ne1 52. Be6+ Kd8 53. Kg3 Nd3 54. Bh3 Nb4 55. Bg7 Nc2 56. Kf2 Nd4 57. Bxf6 Nb3 58. Bxe7+ Kxe7 59. Bc8 Nxa5 60. Bxa6 Nb3 61. f4 exf4 62. Kf3 Kf6 63. Kxf4 Nd4 64. Bc8 Ne2+ 65. Ke3 Nd4 66. Kf4 Ne2+ 67. Ke3 Nd4 1/2-1/2

[Event "POL-chT 2nd League"]
[Site "Jastrzebia Gora"]
[Date "2016.09.10"]
[Round "8.72"]
[White "Gorczyca, Aleksandra"]
[Black "Jalowiec, Halina"]
[Result "1-0"]
[WhiteElo "2106"]
[BlackElo "1932"]
[PlyCount "101"]
[EventDate "2016.09.03"]
[EventType "team-swiss"]
[EventRounds "9"]
[EventCountry "POL"]
[SourceTitle "EXT 2017"]
[Source "ChessBase"]
[SourceDate "2016.10.25"]
[SourceVersion "1"]
[SourceVersionDate "2016.10.25"]
[SourceQuality "1"]
[WhiteTeam "Ruda Slaska KS DORS"]
[BlackTeam "Pilzno GKSz Hetman"]
[WhiteTeamCountry "POL"]
[BlackTeamCountry "POL"]

1. d4 d5 2. c4 e6 3. Nf3 Nf6 4. Nc3 Be7 5. Bg5 0-0 6. e3 Nbd7 7. Bd3 dxc4 8. Bxc4 c5 9. 0-0 cxd4 10. Nxd4 e5 11. Nf5 Nb6 12. Nxe7+ Qxe7 13. Bb3 h6 14. Bh4 g5 15. Bg3 Rd8 16. Qc2 Kg7 17. Rae1 Nh5 18. Qe2 Nf6 19. Qb5 Nbd7 20. f4 a6 21. Qa4 b5 22. Qa5 Bb7 23. Qc7 exf4 24. Bf2 Be4 25. Nxe4 Qxe4 26. exf4 Qxf4 27. Qxf4 gxf4 28. Re7 Re8 29. Rxf7+ Kg6 30. Bh4 Re4 31. Rd1 Re3 32. Rd6 Rxb3 33. Rfxd7 Rxb2 34. Bxf6 Rxa2 35. h3 f3 36. Bc3+ Kf5 37. Rf6+ Ke4 38. Rxf3 Ra4 39. Re7+ Kd5 40. Re5+ Kc4 41. Rh5 Rc8 42. Bd2 b4 43. Rh4+ Kb5 44. Rxh6 Ra1+ 45. Kh2 a5 46. Rf5+ Kc4 47. Rb6 b3 48. Bxa5 Ra8 49. Rb4+ Kd3 50. Rxb3+ Ke4 51. Rbb5 1-0

[Event "POL-chT 2nd League"]
[Site "Jastrzebia Gora"]
[Date "2016.09.05"]
[Round "3.96"]
[White "Jalowiec, Halina"]
[Black "Baranska, Monika"]
[Result "1-0"]
[WhiteElo "1932"]
[BlackElo "1780"]
[PlyCount "151"]
[EventDate "2016.09.03"]
[EventType "team-swiss"]
[EventRounds "9"]
[EventCountry "POL"]
[SourceTitle "EXT 2017"]
[Source "ChessBase"]
[SourceDate "2016.10.25"]
[SourceVersion "1"]
[SourceVersionDate "2016.10.25"]
[SourceQuality "1"]
[WhiteTeam "Pilzno GKSz Hetman"]
[BlackTeam "Skoczek Trojanski"]
[WhiteTeamCountry "POL"]
[BlackTeamCountry "POL"]

1. d4 d5 2. Nf3 e6 3. Bf4 Nf6 4. e3 Bd6 5. Ne5 0-0 6. Bd3 c5 7. c3 Qc7 8. Nd2 Nbd7 9. Ndf3 Ne4 10. 0-0 f6 11. Nxd7 Bxd7 12. Bxd6 Nxd6 13. Rc1 c4 14. Bb1 Be8 15. Nd2 f5 16. Qe2 Rf6 17. Qf3 Rh6 18. Qf4 Qe7 19. Nf3 Bh5 20. Ne5 Ne4 21. Bxe4 fxe4 22. f3 Rf8 23. Qg3 exf3 24. gxf3 Rf5 25. Ng4 Rg6 26. h3 Rf8 27. Kg2 Bxg4 28. fxg4 Rgf6 29. Qe5 Rxf1 30. Rxf1 Rxf1 31. Kxf1 b6 32. Kg2 Kf7 33. e4 Qd7 34. Kf3 h6 35. h4 Qd8 36. g5 hxg5 37. hxg5 Qd7 38. Kf4 dxe4 39. Qxe4 Qc7+ 40. Qe5 Qd7 41. Kg4 Qb7 42. g6+ Kxg6 43. Qxe6+ Kh7 44. d5 b5 45. Kf4 b4 46. Qe4+ g6 47. Qxc4 bxc3 48. bxc3 Qf7+ 49. Kg3 Qd7 50. Qh4+ Kg8 51. Qd4 Qd6+ 52. Kf3 a6 53. Ke4 g5 54. Kf5 Kf7 55. Qa7+ Ke8 56. Qe3+ Kd8 57. Qxg5+ Kc8 58. Qg8+ Kc7 59. Qf7+ Kb8 60. c4 Qc5 61. Qe8+ Ka7 62. Qe4 Qf2+ 63. Ke6 Qxa2 64. d6 Qh2 65. d7 Qh6+ 66. Kd5 Qg5+ 67. Qe5 Qg2+ 68. Kd6 Qg6+ 69. Qe6 Qg3+ 70. Kc6 Qg2+ 71. Kc7 Qb7+ 72. Kd6 Qb4+ 73. c5 Qd4+ 74. Kc6 Qa4+ 75. Kc7 Qf4+ 76. Qd6 1-0

[Event "POL-chT 2nd League"]
[Site "Jastrzebia Gora"]
[Date "2015.09.12"]
[Round "8.54"]
[White "Jalowiec, Halina"]
[Black "Jurkiewicz, Zuzanna"]
[Result "0-1"]
[WhiteElo "1985"]
[BlackElo "1507"]
[PlyCount "80"]
[EventDate "2015.09.05"]
[EventType "team-swiss"]
[EventRounds "9"]
[EventCountry "POL"]
[SourceTitle "EXT 2017"]
[Source "ChessBase"]
[SourceDate "2016.10.25"]
[SourceVersion "1"]
[SourceVersionDate "2016.10.25"]
[SourceQuality "1"]
[WhiteTeam "Pilzno GKSz Hetman"]
[BlackTeam "Stara Wies Parnas"]
[WhiteTeamCountry "POL"]
[BlackTeamCountry "POL"]

1. e4 e5 2. Nf3 Nf6 3. Nxe5 d6 4. Nf3 Nxe4 5. d4 d5 6. Bd3 Be7 7. 0-0 0-0 8. c4 c6 9. Nc3 Nxc3 10. bxc3 dxc4 11. Bxc4 Bg4 12. h3 Bh5 13. g4 Bg6 14. Ne5 Nd7 15. Nxg6 hxg6 16. Qd3 Nb6 17. Bb3 Nd5 18. c4 Nf6 19. Be3 Qd7 20. f3 Rfd8 21. Rad1 Qc7 22. Kg2 a5 23. a4 Nd7 24. g5 Nc5 25. Qc2 Nxb3 26. Qxb3 Bd6 27. d5 Bb4 28. Rd3 cxd5 29. cxd5 Qe5 30. h4 Rac8 31. Rf2 Be1 32. f4 Qf5 33. Re2 Qg4+ 34. Kf1 Bxh4 35. Bd2 Re8 36. Qd1 Re4 37. d6 Rd8 38. d7 Rxd7 39. Rxd7 Qf3+ 40. Kg1 Rxe2 0-1

[Event "POL-chT 2nd League"]
[Site "Jastrzebia Gora"]
[Date "2015.09.07"]
[Round "3.30"]
[White "Leszner, Liliana"]
[Black "Jalowiec, Halina"]
[Result "1-0"]
[WhiteElo "2027"]
[BlackElo "1985"]
[PlyCount "65"]
[EventDate "2015.09.05"]
[EventType "team-swiss"]
[EventRounds "9"]
[EventCountry "POL"]
[SourceTitle "EXT 2017"]
[Source "ChessBase"]
[SourceDate "2016.10.25"]
[SourceVersion "1"]
[SourceVersionDate "2016.10.25"]
[SourceQuality "1"]
[WhiteTeam "Gostynin Gostmat 83"]
[BlackTeam "Pilzno GKSz Hetman"]
[WhiteTeamCountry "POL"]
[BlackTeamCountry "POL"]

1. e4 e6 2. d3 d5 3. Nd2 c5 4. g3 Nc6 5. Bg2 g6 6. Ngf3 Bg7 7. 0-0 Nge7 8. c3 0-0 9. Re1 e5 10. exd5 Nxd5 11. Nc4 Re8 12. Qb3 Nc7 13. Ng5 Ne6 14. Ne4 Bf8 15. h4 Kg7 16. Be3 f5 17. Bg5 Nxg5 18. Nxg5 Qf6 19. Bxc6 bxc6 20. Nxe5 h6 21. Ngf3 g5 22. hxg5 hxg5 23. Nxg5 Rxe5 24. Rxe5 Qxg5 25. Re8 f4 26. Rxc8 fxg3 27. Qb7+ Be7 28. Rxa8 gxf2+ 29. Kf1 Qg1+ 30. Ke2 Qg4+ 31. Kd2 Qf4+ 32. Kc2 Qe3 33. Rxa7 1-0

[Event "POL-chT 2nd League"]
[Site "Jastrzebia Gora"]
[Date "2015.09.06"]
[Round "2.6"]
[White "Jalowiec, Halina"]
[Black "Kulon, Klaudia"]
[Result "0-1"]
[WhiteElo "1985"]
[BlackElo "2250"]
[PlyCount "76"]
[EventDate "2015.09.05"]
[EventType "team-swiss"]
[EventRounds "9"]
[EventCountry "POL"]
[SourceTitle "EXT 2017"]
[Source "ChessBase"]
[SourceDate "2016.10.25"]
[SourceVersion "1"]
[SourceVersionDate "2016.10.25"]
[SourceQuality "1"]
[WhiteTeam "Pilzno GKSz Hetman"]
[BlackTeam "Kopernik WKS"]
[WhiteTeamCountry "POL"]
[BlackTeamCountry "POL"]

1. e4 e5 2. Nf3 Nc6 3. Bb5 a6 4. Ba4 Nf6 5. 0-0 Be7 6. c3 b5 7. Bc2 d6 8. h3 Bb7 9. Re1 0-0 10. d4 exd4 11. Nxd4 Re8 12. Nd2 Bf8 13. f4 g6 14. N4f3 d5 15. e5 Bc5+ 16. Kh2 Nh5 17. Nf1 d4 18. g4 Ng7 19. cxd4 Nxd4 20. Nxd4 Bxd4 21. Ng3 f6 22. Bb3+ Kh8 23. e6 c5 24. f5 gxf5 25. gxf5 Qd6 26. Qg4 Be5 27. Rf1 c4 28. Bc2 Rg8 29. Bf4 Nh5 30. Rad1 Rxg4 31. hxg4 Bxf4 32. Rxd6 Bxg3+ 33. Kh3 Bxd6 34. gxh5 Kg7 35. Re1 Rg8 36. Rd1 Rd8 37. Re1 Be7 38. Re2 Kh6 0-1